[Event "Qatar Masters op-A"]
[Site "Doha"]
[Date "2024.12.07"]
[Round "5"]
[White "Manish, Anto Cristiano F"]
[Black "Ahmad, Khagan"]
[Result "1/2-1/2"]
[WhiteElo "2296"]
[BlackElo "2403"]
[PlyCount "283"]
[EventDate "2024.12.03"]
[EventType "swiss"]
[EventRounds "9"]
[EventCountry "QAT"]
[SourceTitle "CB51_2024"]
[SourceDate "2024.12.18"]
[SourceVersion "1"]
[SourceVersionDate "2024.12.18"]
[SourceQuality "1"]

1. e4 c5 2. Nf3 Nc6 3. d4 cxd4 4. Nxd4 Nf6 5. Nc3 e5 6. Ndb5 d6 7. Bg5 a6 8. Na3 b5 9. Nd5 Be7 10. Bxf6 Bxf6 11. c3 Rb8 12. Nc2 Bg5 13. a4 bxa4 14. Ncb4 Nxb4 15. cxb4 0-0 16. h4 Bh6 17. Rxa4 a5 18. b5 Kh8 19. Be2 Be6 20. g3 f5 21. exf5 Rxf5 22. Bg4 Rxb5 23. Bxf5 Bxd5 24. Qd3 Bc6 25. 0-0 Rb8 26. Ra2 Bb5 27. Qc3 Bxf1 28. Kxf1 Qf6 29. Be4 Rf8 30. b3 a4 31. bxa4 Qf7 32. Rc2 Qa7 33. Qd3 Qxa4 34. Qxd6 g6 35. Qxe5+ Bg7 36. Qd5 Qd4 37. Qxd4 Bxd4 38. Kg2 Kg7 39. Bd5 Bb6 40. Rb2 Rf6 41. f4 Rd6 42. Rb5 Bc7 43. Kf3 Rb6 44. Rc5 Bd8 45. Rc8 Rd6 46. Ke4 Rd7 47. Be6 Rd6 48. Bd5 Rd7 49. Rb8 Bf6 50. Be6 Ra7 51. Kf3 Ra3+ 52. Bb3 Ra7 53. Rg8+ Kh6 54. Kg4 Rc7 55. Be6 Rc3 56. Bd5 Rd3 57. Bf3 Ra3 58. Rb8 Bd4 59. Rb4 Bf2 60. Rb2 Be1 61. Re2 Bb4 62. Rb2 Bc5 63. Rc2 Bb4 64. Rb2 Be1 65. Re2 Bb4 66. Bd5 Bc5 67. Kh3 Rd3 68. Bc4 Rc3 69. Ba2 Ra3 70. Kg2 Bb4 71. Bc4 Rc3 72. Re4 Rc2+ 73. Kh3 Rc3 74. Kg2 Rc2+ 75. Be2 Be1 76. Re7 Ra2 77. Re3 Bd2 78. Re6 Kg7 79. Re7+ Kf6 80. Re4 Be1 81. Re3 Bd2 82. Re8 Be1 83. Kh3 Ra3 84. Bf3 Bd2 85. Kg2 Re3 86. Rf8+ Kg7 87. Rd8 Be1 88. Rd7+ Kh6 89. g4 Bxh4 90. g5+ Bxg5 91. fxg5+ Kxg5 92. Rxh7 Re5 93. Ra7 Rc5 94. Kg3 Rb5 95. Ra6 Re5 96. Rc6 Rf5 97. Be4 Rf6 98. Rc5+ Kh6 99. Re5 Ra6 100. Kg4 Rf6 101. Re8 Ra6 102. Kf4 Rf6+ 103. Ke5 Rb6 104. Rh8+ Kg7 105. Rh1 Ra6 106. Bd5 Rb6 107. Ra1 Rb5 108. Ra6 Rc5 109. Rd6 Ra5 110. Rd8 Ra6 111. Rb8 Kh6 112. Rb2 Kg7 113. Rb1 Kh6 114. Be6 Kg7 115. Rb7+ Kh6 116. Kf6 Ra3 117. Rb6 Rf3+ 118. Ke5 Kg7 119. Bd5 Rf5+ 120. Ke4 Rf6 121. Be6 Rf1 122. Ke5 Re1+ 123. Kf4 Ra1 124. Bc4 Rd1 125. Ke3 Re1+ 126. Kd4 Rg1 127. Bd3 Rg5 128. Be4 Rg1 129. Ke3 Rg4 130. Kf3 Rg5 131. Kf4 Rg1 132. Rb2 Rf1+ 133. Kg5 Rg1+ 134. Bg2 Kh7 135. Ra2 Kg7 136. Rc2 Kh7 137. Kf6 Ra1 138. Rc3 Ra6+ 139. Bc6 Ra5 140. Bd7 Ra6+ 141. Be6 Ra5 142. Rg3 1/2-1/2

[Event "Asia-ch U18"]
[Site "Tagaytay City"]
[Date "2024.10.18"]
[Round "8"]
[White "Manish, Anto Cristiano F"]
[Black "Paraguya, Yuri Lei"]
[Result "0-1"]
[WhiteElo "2323"]
[BlackElo "1887"]
[PlyCount "148"]
[EventDate "2024.10.13"]
[EventType "swiss"]
[EventRounds "9"]
[EventCountry "PHI"]
[SourceTitle "CB43_2024"]
[Source "Chessbase"]
[SourceDate "2024.10.23"]
[SourceVersion "1"]
[SourceVersionDate "2024.10.23"]
[SourceQuality "1"]

1. e4 c5 2. Nf3 g6 3. d4 cxd4 4. Nxd4 Nc6 5. c4 Nf6 6. Nc3 d6 7. Be2 Nxd4 8. Qxd4 Bg7 9. Be3 0-0 10. Qd2 a5 11. 0-0 a4 12. f3 Qa5 13. Rfc1 Bd7 14. Rab1 Rfc8 15. Qd1 Bc6 16. Bf1 Nd7 17. Ne2 Nc5 18. Nd4 Bd7 19. b4 axb3 20. axb3 Qd8 21. Ra1 Qf8 22. Bf2 Be5 23. Rxa8 Rxa8 24. b4 Qh6 25. h3 Ne6 26. Nxe6 Bxe6 27. Rb1 Ra2 28. Qc1 Rd2 29. Qe1 Rc2 30. Qd1 Ra2 31. Qc1 Bf4 32. Qc3 Qg5 33. h4 Qh6 34. Ra1 Be5 35. Bd4 Bxd4+ 36. Qxd4 Rxa1 37. Qxa1 Qe3+ 38. Kh2 Qf2 39. h5 gxh5 40. Qc1 f6 41. c5 dxc5 42. bxc5 Kg7 43. Bb5 h4 44. c6 Qg3+ 45. Kh1 h3 46. Qg1 bxc6 47. Bxc6 Kf8 48. Qh2 Qe1+ 49. Qg1 Qc3 50. Qb6 Qa1+ 51. Kh2 Qe5+ 52. Kh1 hxg2+ 53. Kxg2 Qg5+ 54. Kf2 Qd2+ 55. Kg1 Qd6 56. e5 fxe5 57. Qb5 Bf5 58. Bd5 e6 59. Be4 Bxe4 60. fxe4 Qd4+ 61. Kh2 Qxe4 62. Qd7 Qf5 63. Qd8+ Kf7 64. Qd7+ Kg6 65. Qe8+ Kh6 66. Qc8 e4 67. Qc1+ Kh5 68. Qd1+ Kg6 69. Qg1+ Kf6 70. Qb6 e3 71. Qd8+ Kg6 72. Qg8+ Kh6 73. Qd8 Qh5+ 74. Kg3 Qg5+ 0-1